Κατάλογος Βιβλιοθηκών Mediterranean College

Images of Organization / New Edition of the International Best Seller (Record no. 962)

MARC details
000 -LEADER
fixed length control field 01234cam a22001934a 4500
005 - ΗΜΕΡΟΜΗΝΙΑ ΚΑΙ ΩΡΑ ΤΕΛΕΥΤΑΙΑΣ ΕΝΗΜΕΡΩΣΗΣ
Πεδίο ελέγχου 20250605163951.0
008 - FIXED-LENGTH DATA ELEMENTS--GENERAL INFORMATION
Πεδίο ελέγχου σταθερού μήκους 250528s ||||||||||||||||||||||||d
035 ## - SYSTEM CONTROL NUMBER
System control number 15376
020 ## - ISBN
ISBN 761906320
040 ## - ΠΗΓΗ ΚΑΤΑΛΟΓΟΓΡΑΦΗΣΗΣ
Φορέας πρωτότυπης καταλογογράφησης MC Athens Campus Library
Γλώσσα καταλογογράφησης Ελληνικά, Μοντέρνα (1453-)
Modifying agency MC Athens Campus Library
Κανόνες περιγραφικής καταλογογράφησης AACR2
245 1# - ΤΙΤΛΟΣ ΚΑΙ ΔΗΛΩΣΗ ΥΠΕΥΘΥΝΟΤΗΤΑΣ
Τίτλος Images of Organization / New Edition of the International Best Seller
260 ## - PUBLICATION, DISTRIBUTION, ETC.
Name of publisher, distributor, etc. Sage Publications,
Date of publication, distribution, etc. 1997
300 ## - PHYSICAL DESCRIPTION
Extent 486
520 ## - SUMMARY, ETC.
Summary, etc. A Provocative new book on how we can see, understand, and manage organizations in new ways. An Overview, Introduction, Some Images of Organization, Mechanization Takes Command: Organizations as Machines, Nature Intervenes: Organizations as Organism, Learning and Self-Organization: Organizations as Brains, Creating Social Reality: Organizations as Cultures, Interests and Conflict and Power: Organizations as Political Systems, Exploring Plato's Cave: Organizations as Psychic Prisons, Unfolding Logics of Change: Organization as Flux and Transformation, The Ugly Face: Organizations as Instruments of Domination, Implications of Practice, The Challenge of Metaphor, Reading and Shaping Organizational Life, Postscript, Bibliography, Index.
700 1# - ΠΡΟΣΘΕΤΗ ΑΝΑΓΡΑΦΗ--ΦΥΣΙΚΟ ΠΡΟΣΩΠΟ
Personal name Morgan Gareth
9 (RLIN) 608
942 ## - ADDED ENTRY ELEMENTS (KOHA)
Koha item type Books
Holdings
Τύπος τεκμηρίου Βιβλιοθήκη Τρέχουσα τοποθεσία Barcode Αριθμός εισαγωγής Ημερομηνία απόκτησης Ταξιθετικό σύμβολο Αριθμός αντιτύπου Κατάσταση απόσυρσης Κατάσταση χαμένου Κατάσταση κατεστραμμένου Μη δανεισμός Σύνολο δανεισμών Ημερομηνία τελευταίας εμφάνισης Η τιμή ισχύει από
Books MC Athens Campus Library MC Athens Campus Library 9780000009616 1629 05/06/2025 658.4 MOR 2           05/06/2025 05/06/2025

MC Athens Campus Library
Πατησίων 94 & Κοδριγκτώνος 13, 104 34
Πελλήνης 8 & Πατησίων 107, 112 51
Τ: +30 210 8899600

MC Thessaloniki Campus Library
Ίωνος Δραγούμη 21, 54625 | Ίωνος Δραγούμη 15, 54625
Τ: +30 2310 287779 – Τ: +30 2314 440300